Statistics for U.S. Secretaries of Housing and Urban Development by Picture

Click here to take the quiz!

General Stats

  • This quiz has been taken 4 times
  • The average score is 4 of 19

Answer Stats

Answer% Correct
Julián Castro
100%
Ben Carson
75%
Jack F. Kemp
50%
Alphonso Jackson
50%
Andrew M. Cuomo
50%
Shaun Donovan
25%
Henry G. Cisneros
25%
Samuel R. Pierce
0%
Maurice E. Landrieu
0%
Robert C. Wood
0%
Patricia R. Harris
0%
Mel Martinez
0%
Carla A. Hills
0%
Steve Preston
0%
Brian D. Montgomery
0%
James T. Lynn
0%
George W. Romney
0%
Craig Clemmensen
0%
Robert C. Weaver
0%

Score Distribution

Percentile by Number Answered

Percent of People with Each Score

Your Score History

You have not taken this quiz